| 000 | 02969nam a22002777i 4500 | ||
|---|---|---|---|
| 003 | DO-SdBNP | ||
| 005 | 20240411121557.0 | ||
| 007 | ta | ||
| 008 | 240411b2023 pr ||||| |||| 00| p spa d | ||
| 020 | _a9789945637274 | ||
| 040 |
_aDO-SdBNP _bspa _cBNPHU _erda |
||
| 082 | 4 | _222 | |
| 100 | 1 |
_aRivera Rodríguez, Luis Alberto, _d1958- _985188 |
|
| 245 | 1 | 0 |
_aConversación con los muertos / _cRivera Rodríguez, Luis Alberto. |
| 264 |
_aSan Juan Puerto Rico : _bEditorial Isla Negra, _c2023 |
||
| 300 |
_a137 páginas ; _c23 cm. |
||
| 336 |
_2rdacontent _atexto _btxt |
||
| 337 |
_2rdamedia _asin mediación _bn |
||
| 338 |
_2rdacarrier _avolumen _bnc |
||
| 490 | 0 | _aColección Filo de Juego | |
| 500 | _aIncluye datos biográficos del autor en la solapa de la cubierta. | ||
| 505 | 0 | _aI. Introducción ¿De qué miseria estoy deshecho? -- Conversación con el alma -- Conversación con el espíritu -- Conversación con la carne -- Conversación con el otro -- Por el prestigio de tu nombre -- II. Conversación con los muertos -- Al Maestro Homero Aulet -- En Cangá con Luis Palés Matos -- Conversación con Luis Palés Matos -- Conversación con Nicanor Parra -- Yo he vencido: Martin Luther King -- Conversación con Juan Ramón Jiménez -- Se muere la rosa... Almudena Grandes -- A Manuel de la Puebla, estrella de cinco picos -- A propósito de los muertos, Cervantes -- Angela María Dávila -- Julia de Burgos -- Yo también soy así, Corretjer -- No moriré como tú, Vallejo -- Mis ojos son como un Son, Vallejo -- Hablar contigo, Sabines -- Pablo Neruda -- Conversación con Canales, la plaza y yo -- ...y un Benedetti de aliado, dispongo -- León Felipe, el cáliz -- Antes Borges, ¡por quién doblan las campanas! -- Octavio Paz -- Federico García Lorca -- Canto con Alejandra Pizarnik -- Poema por la muerte de Rosario Ferré -- "Me llamo barro, aunque Miguel me llame"-- Conversación con los muertos de los Ochenta-- Conversación con Ángel Luis Torres -- | |
| 505 | 0 | _aII. Conversación con un muerto en vida -- IV. Conversación con la otra muerte -- Nostalgia -- Ahora es mi turno, Dios -- Poema para mi muerte en vano -- Conversación con lo que ha sido yo -- Elegía por la vida de un amigo -- Hoy vuelvan todos -- Erizando los pensamientos -- Nosotros los necesarios -- La simplicidad de los Simples -- Un gran amor -- Después de todo, Dios -- Detrás de cada presagio -- Poema de la pandemia que no fue una guerra -- Llegada la muerte.. -- Todavía.. -- El día de los muertos -- Memorias de papel -- Mi corazonada tuvo un corazón -- Eco de las voces, septiembre 11 -- Para el descanso eterno -- La nostalgia, escritura que sueña -- Por antonomasia -- Como la imagen en el espejo -- La soledad y sus atisbos -- V. Posdata -- Posdata sin data -- Ya pronto... pronto ya -- En Jayuya, Puerto Rico -- | |
| 590 | _aInventariado, 2024 /LP | ||
| 942 |
_2ddc _cLBS1 |
||
| 999 |
_c56341 _d56341 |
||